Statistiken für Sprachen auf denen Bosnien beim ESC gesungen hat

Klicken Sie hier um das Quiz zu spielen!

Allgemein

  • Dieses Quiz wurde 72 mal gespielt
  • Das Durchschnittsergebnis liegt bei 4 aus 5

Antwortstatistiken

AnzahlSprache% Korrekt
13Bosnisch
97%
6Englisch
92%
1Kroatisch
90%
2Serbisch
89%
1Französisch
46%

Verteilung der Resultate

Perzentil nach korrekt beantworteten Fragen

Anzahl Personen mit jedem Resultat

Ihre Resultats-Entwicklung

Sie haben dieses Quiz noch nicht gespielt